Pokémon Sauvages - Unys NB [1/2] - Statistiques

Statistiques générales
  • Ce quiz a été pris 62 fois
  • Le résultat moyen est 288 sur 461
Statistiques - réponses
Lieux Pokémon % Correct
Ponchiot
97%
Poichigeon
94%
Route 1 | Route 2 | Route 3 | Vestiges du Rêve Ratentif
94%
Chacripan
88%
Ponchien
88%
(pêche tourbillons)N | (tourbillons)N | B | N Bargantua Motif Bleu
84%
(pêche)N | (sur l'eau)N | (tourbillons)B | +3 others Bargantua Motif Rouge
84%
(herbes mouvantes) Nanméouïe
84%
Veine Souterraine Nodulithe
81%
(herbes mouvantes) Feuillajou
78%
Flamajou
78%
Flotajou
78%
Antre d'Entraïnement | Grotte Parsemille | Grotte Électrolithe | +2 others Géolithe
78%
Larveyette
78%
Château Enfoui | Désert Délassant/entrée | Route 4 | zone principale Mascaïman
78%
(herbes sombres) | Bois des Illusions | printemps/été/automne Colombeau
75%
Escroco
75%
Munna
75%
le vendredi Mushana
75%
Vivaldaim
75%
Chovsourir
72%
Coupenotte
72%
(herbes mouvantes) Mastouffe
72%
hiver Polarhume
72%
Scobolide
72%
Sorbébé
72%
(herbes sombres)hiver Sorboul
72%
Trompignon
72%
Venipatte
72%
(sur l'eau) | Chenal 17(sur l'eau) | Port Yoneuve(sur l'eau) Viskuse
72%
Zébibron
72%
Aflamanoir
69%
Flocombe(marécages) | Route 8(marécages) | Tourbière Flocombe(marécages) Batracné
69%
Pont Yoneuve(ombres) Couaneton
69%
Couverdure
69%
Darumarond
69%
Escargaume
69%
Hexagel
69%
B | N Judokrak
69%
B Méios
69%
(poussières) Minotaupe
69%
(herbes sombres) | Labo P2 | Route 18 | Route 7 Miradar
69%
B Nucléos
69%
Palais de N/ N Reshiram
69%
(poussières) Rototaupe
69%
Tritonde
69%
B Zekrom
69%
Anchwatt
66%
Carabing
66%
Chinchidou
66%
Fermite
66%
B Furaiglon
66%
B | N Karaclée
66%
Limonde
66%
(tourbillons) Mamanbo
66%
Symbios
66%
Tic
66%
Charpenti
63%
Déflaisan
63%
Frison
63%
Grindur
63%
Haydaim Forme Hiver
63%
Léopardus
63%
Lewsor
63%
Moyade
63%
Polagriffe
63%
Pyrax
63%
Scalpion
63%
N Scrutella
63%
Solochi
63%
Statitik
63%
Salle Épreuve Terrakium
63%
Tutafeh
63%
Clairière Réflexion Viridium
63%
N Vostourno
63%
Zéblitz
63%
Baggiguane
59%
B Chlorobule
59%
Espace Guide Cobaltium
59%
Cryptéro
59%
utiliser un bonbon rage Darumacho Mode Transe
59%
N Doudouvet
59%
Emolga
59%
Tour des Cieux Funécire
59%
Gaulet
59%
Maracachi
59%
N Mesmérella
59%
Miamiasme
59%
Miasmax
59%
Ouvrifier
59%
Pashmilla
59%
Tutankafer
59%
Crabicoque
56%
printemps/été/automne Drakkarmin
56%
N Farfaduvet
56%
B Fragilady
56%
Route Victoire/extérieur Incisache
56%
Sidérella
56%
(tourbillons) Crapustule
53%
Gringolem
53%
Kungfouine
53%
Manternel
47%
évènement Zoroark
47%
Crabaraque
41%
(pêche tourbillons) | (pêche) Poissirène
41%
Poissoroy
41%
Barbicha
38%
(pêche tourbillons) | (pêche) Barloche
38%
(pêche) Écayon
38%
(pêche tourbillons) Hypocéan
38%
Hypotrempe
38%
(pêche) Ptitard
38%
Tarpaud
38%
Têtarte
38%
(pêche tourbillons) | (pêche) Barpau
34%
Coquiperl
34%
Draco
34%
Dracolosse
34%
Lanturn
34%
Loupio
34%
Luminéon
34%
Milobellus
34%
Minidraco
34%
Tartard
34%
Hyporoi
31%
Lovdisc
31%
Riolu
31%
B Rosabyss
31%
N Serpang
31%
Phare de la Liberté Victini
31%
Krabboss
28%
(pêche) Krabby
28%
Onix
28%
(pêche tourbillons) Relicanth
28%
salle du fond Kaorine
25%
(troupeaux)B Lumivole
25%
N Muciole
25%
Qwilfish
25%
(herbes sombres) Ratttatac
25%
Sablaireau
25%
(troupeaux)N Malosse
22%
(troupeaux)B Négapi
22%
N Posipi
22%
Gravalanch
19%
B Medhyèna
19%
(troupeaux) Cradopaud
16%
(troupeaux) Débugant
16%
(troupeaux) Hippopotas
16%
Mélokrik
16%
Mysdibule
16%
Ténéfix
16%
Aéromite
13%
(troupeaux) Canarticho
13%
Excelangue
13%
(troupeaux) Fouinette
13%
(troupeaux) Okéoké
13%
(troupeaux) Queulorior
13%
(troupeaux) Noeunoeuf
9%
(troupeaux) Pomdepik
9%
Coxyclaque
6%
Migalos
6%
Aucun quiz correspondant
Distribution des résultats
% des personnes avec chaque résultat
Percentile par nombre de réponses
Votre historique - résultats
Vous n’avez pas pris ce quiz